[Event "ch-Commonwealth 2012"]
[Site "Chennai IND"]
[Date "2012.11.28"]
[Round "8"]
[White "Oleksienko, Mikhailo"]
[Black "G., Akash"]
[Result "1/2-1/2"]
[WhiteTitle "GM"]
[WhiteElo "2551"]
[BlackElo "2404"]
[WhiteFideId "4152417"]
[BlackFideId "5040299"]
[EventDate "2012.11.23"]

1. e4 c5 2. Nf3 Nc6 3. d4 cxd4 4. Nxd4 Nf6 5. Nc3 e5 6. Ndb5 d6 7. Bg5 a6 8. Na3
b5 9. Nd5 Be7 10. Bxf6 Bxf6 11. c4 b4 12. Nc2 O-O 13. g3 Bg5 14. h4 Bh6 15. Bg2
Qa5 16. O-O Qc5 17. Qd3 Rb8 18. b3 a5 19. Kh2 Rb7 20. Bh3 Be6 21. Rad1 Ra7 22.
f4 a4 23. f5 Bxd5 24. exd5 axb3 25. axb3 Nd4 26. Nxd4 Qxd4 27. Qxd4 exd4 28.
Rxd4 Ra2+ 29. Bg2 Re8 30. Kh3 Be3 31. Re1 Kf8 32. Rd3 Bf2 33. Rxe8+ Kxe8 34. Bf3
Kd7 35. g4 Kc7 36. g5 Kb6 37. f6 gxf6 38. gxf6 Be1 39. Re3 Bc3 40. Re8 Bxf6 41.
Kg4 Kc5 42. Rb8 Be5 43. Rb5+ Kd4 44. Rxb4 Rf2 45. c5+ Kxc5 46. Rc4+ Kb5 47. Be4
Rf4+ 48. Kh5 Rf2 49. Bxh7 f5 50. Kg5 f4 51. Bd3 Kb6 52. Rc8 Rg2+ 53. Kh5 Rg3 54.
Bc4 f3 55. Rf8 Kc5 56. Rf5 Kd4 57. Rg5 Rh3 58. Kg4 Rg3+ 59. Kf5 Rh3 60. Rg4+ Kc3
61. Ke6 f2 62. Rg5 Rxh4 63. Rf5 Rh6+ 64. Kd7 Rh2 65. Kc6 Kb4 66. Rf3 Rg2 67. Rf5
Bg3 68. Rf3 Rg1 69. Rf7 Rc1 70. Rf3 Bh4 71. Kxd6 Rg1 72. Rf7 Rg6+ 73. Ke5 Bg3+
74. Kf5 Rd6 75. Kg4 Rg6+ 76. Kh3 Kc5 77. Rf3 Bd6 78. Rxf2 Rg3+ 79. Kh4 Rg7 80.
Ra2 Kd4 81. Ra6 Ke5 82. Kh5 Rg8 83. Kh6 Rg3 84. Kh7 Rg5 85. Rc6 Rg4 86. Kh6 Rg1
87. Kh5 Rg2 88. Rc8 Rg7 89. Re8+ Kd4 90. Re6 Kc5 91. Re4 Rg3 92. Kh4 Rg7 93. Re3
Kd4 94. Rd3+ Kc5 95. Ba6 Kb4 96. Re3 Re7 97. Rd3 Rg7 98. Rd4+ Kxb3 99. Rc4 Rc7
100. Re4 Re7 1/2-1/2

[Event "ch-Commonwealth 2012"]
[Site "Chennai IND"]
[Date "2012.11.28"]
[Round "8"]
[White "Shyam, Sundar M."]
[Black "Lalith, Babu M.R."]
[Result "1/2-1/2"]
[WhiteTitle "IM"]
[BlackTitle "GM"]
[WhiteElo "2484"]
[BlackElo "2528"]
[WhiteFideId "5019141"]
[BlackFideId "5024595"]
[EventDate "2012.11.23"]

1. d4 Nf6 2. c4 e6 3. Nc3 Bb4 4. Qc2 O-O 5. a3 Bxc3+ 6. Qxc3 Qe8 7. f3 d6 8. Bg5
Nbd7 9. e4 e5 10. d5 h6 11. Be3 c6 12. g4 Nc5 13. Ne2 Bd7 14. dxc6 bxc6 15. Ng3
Qb8 16. Rd1 Ne6 17. Nf5 c5 18. Rxd6 Nd4 19. Nxh6+ Kh7 20. Rxf6 gxf6 21. h4 Qb7
22. Bxd4 cxd4 23. Qd2 Qb3 24. Bd3 Rab8 25. Rh2 Qa2 1/2-1/2

[Event "ch-Commonwealth 2012"]
[Site "Chennai IND"]
[Date "2012.11.28"]
[Round "8"]
[White "Lintchevski, Daniil"]
[Black "Kathmale, Sameer"]
[Result "1-0"]
[WhiteTitle "GM"]
[WhiteElo "2555"]
[BlackElo "2281"]
[WhiteFideId "4171055"]
[BlackFideId "5024498"]
[EventDate "2012.11.23"]

1. e4 c6 2. d4 d5 3. e5 Bf5 4. Be3 e6 5. c3 Ne7 6. Nd2 Nd7 7. f4 Bg6 8. Bf2 h5
9. Ngf3 Nf5 10. Nb3 Be7 11. Bd3 O-O 12. h3 h4 13. O-O a5 14. a4 Bh5 15. Bxf5
exf5 16. Nbd2 Ra6 17. Qe1 Rb6 18. Rb1 c5 19. Nxh4 cxd4 20. Nxf5 Bg6 21. Nxe7+
Qxe7 22. Bxd4 Bxb1 23. Qxb1 Rh6 24. Qa2 Nc5 25. Qxd5 Rd8 26. Qc4 Rc6 27. Qb5 Ne6
28. Nb3 Qh4 29. Be3 g5 30. Qxb7 Rc7 31. Qe4 Rb8 32. Nd4 Nc5 33. Qc2 Qh7 34. f5
Re8 35. Bxg5 Nd7 36. Qf2 Nxe5 37. Bf6 Nd7 38. Qg3+ Kf8 39. Be7+ Rxe7 40. Qxc7
Nf6 41. Qd6 Qh4 42. Nc6 1-0

[Event "ch-Commonwealth 2012"]
[Site "Chennai IND"]
[Date "2012.11.28"]
[Round "8"]
[White "Vijayalakshmi, Subbaraman"]
[Black "Paragua, Mark"]
[Result "1/2-1/2"]
[WhiteTitle "IM"]
[BlackTitle "GM"]
[WhiteElo "2400"]
[BlackElo "2532"]
[WhiteFideId "5004098"]
[BlackFideId "5201241"]
[EventDate "2012.11.23"]

1. Nf3 Nf6 2. g3 g6 3. b3 Bg7 4. Bb2 c5 5. c4 O-O 6. Bg2 Nc6 7. O-O d6 8. d4 Ne4
9. Nbd2 Bf5 10. Nh4 Nxd2 11. Qxd2 Nxd4 12. Bxd4 Bxd4 13. Nxf5 gxf5 14. Rad1 Qd7
15. Qg5+ Bg7 16. Rd3 Rad8 17. Rfd1 b6 18. Bh3 e6 19. Qf4 Qe7 20. Rxd6 Bh6 21.
Qxh6 Rxd6 22. Rxd6 Qxd6 23. Qg5+ Kh8 24. Qf6+ Kg8 25. Qg5+ 1/2-1/2

[Event "ch-Commonwealth 2012"]
[Site "Chennai IND"]
[Date "2012.11.28"]
[Round "8"]
[White "Dzhumaev, Marat"]
[Black "Gomes, Mary Ann"]
[Result "1/2-1/2"]
[WhiteTitle "GM"]
[BlackTitle "WGM"]
[WhiteElo "2530"]
[BlackElo "2384"]
[WhiteFideId "14200236"]
[BlackFideId "5013623"]
[EventDate "2012.11.23"]

1. e4 c5 2. c3 d5 3. exd5 Qxd5 4. d4 g6 5. Nf3 Bg7 6. Nbd2 cxd4 7. Bc4 Qh5 8.
Qb3 Nh6 9. Nxd4 Qe5+ 10. Be2 Nc6 11. Nxc6 bxc6 12. Nc4 Qc7 13. Qa4 O-O 14. Qa5
Qb7 15. O-O Nf5 16. Re1 Be6 17. Bf1 Rfc8 18. Qa3 c5 19. Bf4 Rd8 20. h3 Nd6 21.
Na5 Qb6 22. Be3 Rdc8 23. Nb3 Nb5 24. Qa4 Nd6 25. Rad1 Nf5 26. Bc4 Bxc4 27. Qxc4
Nxe3 28. Rxe3 Bf6 29. Rd5 Rab8 30. Re2 Qb5 31. Re4 Qb6 32. g3 a5 33. Re2 Qb5 34.
Qxb5 Rxb5 35. c4 Rb4 36. Rxc5 Rxc5 37. Nxc5 Rxc4 38. Nd7 Bd4 39. b3 Rc7 40. Ne5
f6 41. Nc4 a4 42. Kg2 e5 43. f4 axb3 44. axb3 Rb7 45. fxe5 fxe5 46. Nd2 Bc3 47.
Ne4 Rxb3 48. Nxc3 1/2-1/2

[Event "ch-Commonwealth 2012"]
[Site "Chennai IND"]
[Date "2012.11.28"]
[Round "8"]
[White "Grover, Sahaj"]
[Black "Nitin, S."]
[Result "1-0"]
[WhiteTitle "GM"]
[BlackTitle "IM"]
[WhiteElo "2509"]
[BlackElo "2398"]
[WhiteFideId "5021103"]
[BlackFideId "5018277"]
[EventDate "2012.11.23"]

1. d4 Nf6 2. c4 g6 3. f3 Bg7 4. e4 d6 5. Nc3 O-O 6. Nge2 c5 7. d5 e6 8. Ng3 exd5
9. cxd5 a6 10. a4 h5 11. Bg5 Qe8 12. Qd2 Nh7 13. Bh4 f5 14. Bc4 Nd7 15. f4 g5
16. fxg5 f4 17. g6 Qxg6 18. Nf5 Rxf5 19. exf5 Qg4 20. Be7 f3 21. gxf3 Qxc4 22.
Rg1 Ne5 23. Qg2 Nd3+ 24. Kd2 Qd4 25. Qxg7+ Qxg7 26. f6 Qg5+ 27. Kxd3 Bf5+ 28.
Ne4 Kh8 29. Rxg5 Nxg5 30. Ke3 Bxe4 31. fxe4 Nf7 32. Rg1 Rg8 33. Rxg8+ Kxg8 34.
a5 Kh7 35. Kf4 Kg6 36. b3 h4 37. Kg4 c4 38. bxc4 Ne5+ 39. Kxh4 Nxc4 40. Kg4 Nxa5
41. h4 Nc4 42. h5+ Kf7 43. Kf5 a5 44. h6 Ne5 45. Bxd6 1-0

[Event "ch-Commonwealth 2012"]
[Site "Chennai IND"]
[Date "2012.11.28"]
[Round "8"]
[White "Garcia, Jan Emmanuel"]
[Black "Akshayraj, Kore"]
[Result "1/2-1/2"]
[WhiteTitle "IM"]
[BlackTitle "IM"]
[WhiteElo "2394"]
[BlackElo "2459"]
[WhiteFideId "5200750"]
[BlackFideId "5012414"]
[EventDate "2012.11.23"]

1. c4 Nf6 2. g3 c6 3. Nf3 d5 4. b3 Bf5 5. Bb2 e6 6. Bg2 Be7 7. O-O O-O 8. d3 h6
9. Nbd2 Nbd7 10. a3 a5 11. Qc2 Bh7 12. Rfe1 Re8 13. Bc3 b5 14. a4 b4 15. Bb2 Qb6
16. Rad1 Bc5 17. e3 Rad8 18. Bf1 e5 19. cxd5 cxd5 20. Qc1 Bd6 21. Qa1 Bf5 22. h3
Qb8 23. Kg2 Bg6 24. Be2 Bf8 25. Bf1 Bd6 26. Be2 Bf8 27. Bf1 Qb7 28. Kg1 Qb8 29.
Kg2 1/2-1/2

[Event "ch-Commonwealth 2012"]
[Site "Chennai IND"]
[Date "2012.11.28"]
[Round "8"]
[White "Rajesh, V A V"]
[Black "Nolte, Rolando"]
[Result "0-1"]
[WhiteTitle "FM"]
[BlackTitle "IM"]
[WhiteElo "2370"]
[BlackElo "2445"]
[WhiteFideId "5029317"]
[BlackFideId "5200636"]
[EventDate "2012.11.23"]

1. d4 Nf6 2. c4 g6 3. Nc3 Bg7 4. e4 d6 5. h3 O-O 6. Nf3 e5 7. d5 a5 8. Be3 Na6
9. Bd3 Nh5 10. O-O Nc5 11. Bc2 Nf4 12. Re1 Re8 13. a3 Bd7 14. Rb1 b6 15. b4 Nb7
16. Kh2 Nh5 17. Nd2 Bf8 18. Nb3 Ng7 19. Ne2 f5 20. f3 f4 21. Bf2 g5 22. Nec1 h5
23. Nd3 g4 24. fxg4 hxg4 25. hxg4 Qg5 26. Rh1 Bxg4 27. Qd2 Nh5 28. Qe1 axb4 29.
axb4 Ra2 30. Rc1 Bh6 31. Nd2 Kh8 32. Bh4 Qg6 33. Bb1 Ra3 34. Nf3 Bxf3 35. gxf3
Rg8 36. Qf1 Ng3 37. Qh3 Nxh1 38. Kxh1 Qh7 39. Bf2 Bg5 40. Qxh7+ Kxh7 41. c5 bxc5
42. bxc5 Bh6 43. Bc2 Rc3 44. c6 Nd8 45. Be1 Ra3 46. Bb4 Ra7 47. Be1 Nf7 48. Nb4
Ra3 49. Nd3 Ng5 50. Bb4 Ra2 51. Bb3 Re2 52. Nxe5 dxe5 53. d6 Nxf3 54. Bxg8+ Kh8 0-1

[Event "ch-Commonwealth 2012"]
[Site "Chennai IND"]
[Date "2012.11.28"]
[Round "8"]
[White "Narayanan, Srinath"]
[Black "Narayanan, S.L."]
[Result "0-1"]
[WhiteTitle "IM"]
[WhiteElo "2438"]
[BlackElo "2350"]
[WhiteFideId "5018420"]
[BlackFideId "5058422"]
[EventDate "2012.11.23"]

1. e4 e5 2. Nf3 Nc6 3. Bb5 a6 4. Ba4 Nge7 5. O-O g6 6. c3 Bg7 7. d4 exd4 8. cxd4
b5 9. Bb3 O-O 10. Nc3 d6 11. h3 Na5 12. Bc2 c5 13. Bg5 h6 14. Bh4 g5 15. Bg3 Nc4
16. Rb1 g4 17. hxg4 Bxg4 18. Bh4 Qe8 19. Bxe7 Bxf3 20. Qxf3 Qxe7 21. e5 dxe5 22.
dxc5 Qxc5 23. Ne4 Qe7 24. Rfe1 Rfd8 25. Re2 Ra7 26. Bb3 Na5 27. Rc2 Nxb3 28.
axb3 Rad7 29. Rc6 Rd3 30. Qh5 R3d4 31. Qf3 Qh4 32. Ng3 e4 33. Qe2 Rd2 34. Qe1
Be5 35. Nf1 R2d3 36. g3 Qg4 37. Rxh6 Bd4 38. Qc1 Rxg3+ 39. Nxg3 Qxg3+ 40. Kh1
Qf3+ 41. Kh2 Qxf2+ 42. Kh1 Qf3+ 43. Kh2 Be5+ 44. Kg1 Bf4 45. Qc6 Be3+ 0-1

[Event "ch-Commonwealth 2012"]
[Site "Chennai IND"]
[Date "2012.11.28"]
[Round "8"]
[White "Himanshu, Sharma"]
[Black "Ikeda, Junta"]
[Result "1/2-1/2"]
[WhiteTitle "IM"]
[BlackTitle "FM"]
[WhiteElo "2417"]
[BlackElo "2304"]
[WhiteFideId "5007836"]
[BlackFideId "3204731"]
[EventDate "2012.11.23"]

1. e4 e6 2. f4 d5 3. e5 c5 4. Nf3 Nc6 5. c3 Nh6 6. Na3 Qb6 7. Nc2 Bd7 8. d3 f6
9. g3 Be7 10. Qe2 fxe5 11. fxe5 Nf7 12. h4 O-O-O 13. Bg2 g6 14. a3 Qc7 15. d4
cxd4 16. cxd4 Na5 17. O-O Rhf8 18. Nb4 Qb6 19. Be3 Kb8 20. Nd3 Nb3 21. Rad1 Rc8
22. Rf2 Bb5 23. Qe1 h6 24. Nf4 Rg8 25. Nd2 Nxd2 26. Qxd2 Nd8 27. Nh3 Ba4 28. Rc1
Rxc1+ 29. Qxc1 g5 30. hxg5 hxg5 31. g4 Nc6 32. Qd2 a6 33. Rf7 Qd8 34. Rh7 Bb5
35. b4 a5 36. bxa5 Bxa3 37. Nxg5 Bb4 38. Qc1 Re8 39. Nf7 Qxa5 40. Nd6 Bxd6 41.
exd6 Rd8 42. d7 Bd3 43. Rg7 Be4 44. Bg5 Rf8 45. Bxe4 dxe4 46. Kg2 Qa2+ 47. Qd2
Qb3 48. Bf4+ e5 49. dxe5 Qf3+ 50. Kg1 Qxf4 51. Qxf4 Rxf4 52. e6 Kc7 53. Rg8 Kd6
54. g5 Kxe6 55. d8=Q Nxd8 56. Rxd8 b5 57. Rb8 Rg4+ 58. Kf2 Rxg5 59. Ke3 Re5 60.
Kd4 Kd6 61. Rd8+ Kc7 62. Kxe5 Kxd8 63. Kxe4 Kc7 64. Kd4 Kb6 65. Kc3 Ka5 66. Kb3 1/2-1/2

[Event "ch-Commonwealth 2012"]
[Site "Chennai IND"]
[Date "2012.11.28"]
[Round "8"]
[White "Krishna, C.R.G."]
[Black "Navin, Kanna"]
[Result "1-0"]
[WhiteElo "2327"]
[BlackElo "2402"]
[WhiteFideId "5018625"]
[BlackFideId "5015294"]
[EventDate "2012.11.23"]

1. d4 d6 2. c4 e5 3. dxe5 dxe5 4. Qxd8+ Kxd8 5. Nc3 Be6 6. Nf3 Nd7 7. b3 h6 8.
Bb2 Ngf6 9. e3 c6 10. O-O-O Kc7 11. Bd3 Bb4 12. Bc2 Rhe8 13. h3 a5 14. Kb1 Bd6
15. Rd2 Nb6 16. Rhd1 Nc8 17. Na4 Nd7 18. c5 Nxc5 19. Rxd6 Nxa4 20. Rxe6 Rxe6 21.
bxa4 f6 22. Ba3 Re8 23. Nh4 Ne7 24. Bd6+ Kb6 25. Rd3 Rad8 26. Rb3+ Ka7 27. Bc7
Rd2 28. Bb6+ Ka8 29. e4 c5 30. Rd3 Rxd3 31. Bxd3 Rc8 32. Bb5 Nc6 33. Bxc5 Na7
34. Be3 Nxb5 35. axb5 a4 36. Kb2 h5 37. Nf5 Rc7 38. Nd6 Kb8 39. b6 Rc6 40. Nb5
Rc4 41. Nc3 Kc8 42. a3 Kd7 43. Kc2 Ke7 44. Kd3 Rc8 45. Nxa4 Kd6 46. Nb2 Kc6 47.
a4 Ra8 48. Kc3 g6 49. Kb4 f5 50. Nc4 f4 51. Nxe5+ Kd6 52. Bxf4 g5 53. Nc4+ Kc6
54. Bxg5 Rg8 55. h4 Re8 56. e5 Kd5 57. f4 Rc8 58. Ne3+ Kd4 59. Nf5+ Kd3 60. e6
Rc4+ 61. Kb5 Kc3 62. e7 Re4 63. Bf6+ Kb3 64. Nd4+ Kc3 65. Be5 Re1 66. Nf3+ Kb3
67. Nxe1 Ka2 68. e8=Q 1-0

[Event "ch-Commonwealth 2012"]
[Site "Chennai IND"]
[Date "2012.11.28"]
[Round "8"]
[White "Arun Prasad, S."]
[Black "Krishna Teja, N"]
[Result "1-0"]
[WhiteTitle "GM"]
[WhiteElo "2513"]
[BlackElo "2061"]
[WhiteFideId "5011167"]
[BlackFideId "5001498"]
[EventDate "2012.11.23"]

1. c4 c5 2. g3 Nc6 3. Bg2 g6 4. Nc3 Bg7 5. Nf3 e5 6. O-O Nge7 7. Ne1 a6 8. d3
O-O 9. Nc2 Rb8 10. a4 d6 11. Rb1 a5 12. Bg5 f6 13. Bd2 Nb4 14. Ne3 Bd7 15. f4
Bc6 16. Ncd5 Nexd5 17. cxd5 Bd7 18. Nc4 Bxa4 19. Qxa4 b5 20. Qxa5 bxc4 21. Qxd8
Rfxd8 22. fxe5 fxe5 23. dxc4 Nc2 24. Be4 Nd4 25. Kf2 Rb3 26. Rfe1 Rf8+ 27. Kg1
Rfb8 28. Bc3 Rf8 29. Kg2 Nf5 30. Bxf5 gxf5 31. e4 f4 32. Ra1 fxg3 33. hxg3 Rfb8
34. Ra6 Bf8 35. Rf1 Kg7 36. Kh3 Be7 37. Kg4 h6 38. Ra7 R3b7 39. Rxb7 Rxb7 40.
Kh5 Ra7 41. Bd2 Rb7 42. Bxh6+ Kg8 43. Kg6 Rb3 44. g4 1-0

[Event "ch-Commonwealth 2012"]
[Site "Chennai IND"]
[Date "2012.11.28"]
[Round "8"]
[White "Sethuraman, S.P."]
[Black "Deshpande, Aniruddha"]
[Result "1-0"]
[WhiteTitle "GM"]
[WhiteElo "2520"]
[BlackElo "2222"]
[WhiteFideId "5021596"]
[BlackFideId "5021774"]
[EventDate "2012.11.23"]

1. Nf3 Nf6 2. c4 c5 3. Nc3 Nc6 4. e3 d5 5. cxd5 Nxd5 6. d4 cxd4 7. exd4 g6 8.
Bc4 Nxc3 9. Qb3 Nd5 10. Bxd5 e6 11. Bxc6+ bxc6 12. O-O Bg7 13. Bg5 f6 14. Bf4
O-O 15. Rac1 Bd7 16. Nd2 Qb6 17. Qc3 Qb5 18. Rfe1 Rfe8 19. Ne4 Qf5 20. Qe3 Qd5
21. Nc5 a5 22. b3 Ra7 23. Na4 Bf8 24. Nc3 Qf5 25. Ne4 Rea8 26. Bd6 g5 27. Bc5
Ra6 28. Qg3 Bg7 29. Qc7 Be8 30. Nd6 Qd5 31. Qb7 Bg6 32. Nc8 Bf8 33. Nb6 1-0

[Event "ch-Commonwealth 2012"]
[Site "Chennai IND"]
[Date "2012.11.28"]
[Round "8"]
[White "Ramakrishna, J."]
[Black "Neelotpal, Das"]
[Result "0-1"]
[WhiteTitle "FM"]
[BlackTitle "GM"]
[WhiteElo "2224"]
[BlackElo "2467"]
[WhiteFideId "5008174"]
[BlackFideId "5003512"]
[EventDate "2012.11.23"]

1. e4 c5 2. b3 g6 3. Bb2 Nf6 4. e5 Nh5 5. Bc4 Ng7 6. Nc3 Ne6 7. Ne4 Bg7 8. Qf3
Nc6 9. Nxc5 Nxe5 10. Bxe5 Bxe5 11. Nxe6 dxe6 12. Rd1 Qc7 13. Bb5+ Kf8 14. Bd3
Kg7 15. Ne2 Bd7 16. c4 f5 17. Bb1 b5 18. d4 Bf6 19. O-O bxc4 20. Rc1 Rhc8 21.
bxc4 Rab8 22. Qe3 e5 23. d5 Qc5 24. Qd2 e4 25. Nf4 Rb4 26. Bd3 Rb2 27. Rc2 Rcb8
28. Be2 Rxc2 29. Qxc2 Rb2 30. Qc1 Rxa2 31. Bd1 Ra1 32. Qc2 e3 33. fxe3 Qxe3+ 34.
Kh1 Be5 35. g3 a5 36. Qe2 Qxe2 37. Bxe2 Rxf1+ 38. Bxf1 Bd6 39. Nd3 a4 40. c5 a3
41. c6 Bxc6 0-1

[Event "ch-Commonwealth 2012"]
[Site "Chennai IND"]
[Date "2012.11.28"]
[Round "8"]
[White "Kumaran, B"]
[Black "Dimakiling, Oliver"]
[Result "1/2-1/2"]
[BlackTitle "IM"]
[WhiteElo "2197"]
[BlackElo "2453"]
[WhiteFideId "5038472"]
[BlackFideId "5202248"]
[EventDate "2012.11.23"]

1. e4 e5 2. Nf3 Nc6 3. Bb5 Nf6 4. O-O Be7 5. Re1 d6 6. d4 exd4 7. Nxd4 Bd7 8.
Nc3 O-O 9. Bxc6 bxc6 10. Nf5 Bxf5 11. exf5 d5 12. Bf4 Rb8 13. Be5 Bd6 14. b3
Bxe5 15. Rxe5 Qd6 16. Re2 Rb4 17. Qd3 c5 18. Qg3 Qd7 19. Qf3 h5 20. Rd1 c6 21.
Na4 Qd6 22. c4 a5 23. h3 h4 24. Qe3 Re8 25. Qxc5 Qxc5 26. Rxe8+ Nxe8 27. Nxc5
dxc4 28. Rd8 Kf8 29. Na6 Rb7 30. bxc4 Rb1+ 31. Kh2 Ke7 32. Ra8 Nd6 33. Nc5 Nxc4
34. Nb3 Kf6 35. Ra6 Kxf5 36. Rxc6 Ne5 37. Rc5 a4 38. Nd2 Rb4 39. a3 Rf4 40. Nf3
f6 41. Kg1 Rc4 42. Ra5 Ke6 43. Nxe5 fxe5 44. Kf1 Kf5 45. Ke2 g5 46. Kd3 Rd4+ 47.
Ke3 g4 48. f3 gxf3 49. gxf3 Ke6 50. Ra6+ Kf5 51. Ra5 Rc4 1/2-1/2

[Event "ch-Commonwealth 2012"]
[Site "Chennai IND"]
[Date "2012.11.28"]
[Round "8"]
[White "Priya P."]
[Black "Sundararajan, Kidambi"]
[Result "0-1"]
[WhiteTitle "WIM"]
[BlackTitle "GM"]
[WhiteElo "2165"]
[BlackElo "2434"]
[WhiteFideId "5013550"]
[BlackFideId "5005370"]
[EventDate "2012.11.23"]

1. e4 e6 2. d4 d5 3. e5 c5 4. c3 Nc6 5. Nf3 Bd7 6. a3 f6 7. Bd3 Qc7 8. Bf4 O-O-O
9. O-O h6 10. Bg3 f5 11. h4 Be8 12. b4 c4 13. Be2 Bh5 14. a4 g5 15. Na3 Qg7 16.
Nd2 Bxe2 17. Qxe2 f4 18. Bh2 gxh4 19. Qh5 Nge7 20. Kh1 Rg8 21. Rg1 Nf5 22. Bxf4
Be7 23. Nc2 Bg5 24. Be3 Nce7 25. Qf3 Qg6 26. Ra2 Rdf8 27. Qe2 Ng3+ 28. fxg3 Nf5
29. Nf1 Bxe3 30. Ncxe3 hxg3 31. Nxf5 Rxf5 32. Nxg3 Qxg3 33. Rf1 Qh4+ 34. Kg1 Rh5
35. Qf3 Qh2+ 0-1

[Event "ch-Commonwealth 2012"]
[Site "Chennai IND"]
[Date "2012.11.28"]
[Round "8"]
[White "Ankit, R. Rajpara"]
[Black "Chandika, Divyasree"]
[Result "1/2-1/2"]
[WhiteTitle "IM"]
[BlackTitle "WFM"]
[WhiteElo "2423"]
[BlackElo "2145"]
[WhiteFideId "5023335"]
[BlackFideId "5024552"]
[EventDate "2012.11.23"]

1. e4 e5 2. Nf3 Nc6 3. Bc4 Nf6 4. d3 Bc5 5. c3 O-O 6. Bg5 d6 7. Nbd2 Be6 8. O-O
Kh8 9. Bb5 Bb6 10. Bxc6 bxc6 11. d4 h6 12. Bh4 g5 13. Bg3 exd4 14. Nxd4 Qd7 15.
e5 Bg4 16. f3 Nh5 17. Bf2 Be6 18. exd6 cxd6 19. Nxe6 Qxe6 20. Ne4 Rfd8 21. Bxb6
axb6 22. Qd4+ Kg8 23. Qxb6 Rdb8 24. Qxc6 Rxa2 25. Rxa2 Qxa2 26. Nxd6 Rxb2 27.
Qe8+ Kg7 28. Qe5+ Kg8 29. Qe8+ Kg7 30. Nf5+ Kh7 31. Ne3 Nf4 32. Qe4+ Kg8 33.
Qe8+ Kh7 34. Qe4+ Kg8 35. Qe8+ Kh7 36. Qe4+ Kg8 1/2-1/2

[Event "ch-Commonwealth 2012"]
[Site "Chennai IND"]
[Date "2012.11.28"]
[Round "8"]
[White "Puranik, Abhimanyu"]
[Black "Akshat, Khamparia"]
[Result "0-1"]
[WhiteTitle "CM"]
[BlackTitle "IM"]
[WhiteElo "2110"]
[BlackElo "2398"]
[WhiteFideId "5061245"]
[BlackFideId "5016541"]
[EventDate "2012.11.23"]

1. e4 c5 2. Nf3 b6 3. d4 cxd4 4. Nxd4 Bb7 5. Nc3 a6 6. Be2 g6 7. f4 Bg7 8. O-O
d6 9. Bc4 Nd7 10. e5 dxe5 11. fxe5 Nxe5 12. Bxf7+ Nxf7 13. Ne6 Qc8 14. Nxg7+ Kf8
15. Qd4 Nf6 16. Rxf6 exf6 17. Qxf6 Qc5+ 18. Kh1 Qe5 19. Ne6+ Kg8 20. Bg5 Re8 21.
Qxe5 Nxe5 22. Nc7 Rf8 23. N3d5 Bxd5 24. Nxd5 Kg7 25. Re1 Rf5 26. h4 Ng4 27. Nxb6
Re8 28. Rc1 Re2 29. c4 Rxb2 30. c5 Rc2 31. Kg1 Rxc1+ 32. Bxc1 Rxc5 33. Bb2+ Kf7
34. g3 Rc2 35. Na4 Ne3 0-1

[Event "ch-Commonwealth 2012"]
[Site "Chennai IND"]
[Date "2012.11.28"]
[Round "8"]
[White "Das, Sayantan"]
[Black "Bala Kannamma, P"]
[Result "1-0"]
[WhiteTitle "FM"]
[WhiteElo "2339"]
[BlackElo "1973"]
[WhiteFideId "5034426"]
[BlackFideId "5081432"]
[EventDate "2012.11.23"]

1. Nf3 c5 2. c4 Nf6 3. g3 g6 4. Bg2 Bg7 5. Nc3 O-O 6. O-O d5 7. cxd5 Nxd5 8.
Nxd5 Qxd5 9. d3 Qd6 10. Bf4 e5 11. Be3 Nd7 12. Ng5 Rb8 13. Qa4 a6 14. Qc4 Qe7
15. Ne4 b6 16. Bg5 Qe6 17. Qxe6 fxe6 18. Be7 Re8 19. Bd6 Rb7 20. Ng5 Ra7 21. Bc6
a5 22. Bb8 Ra6 23. Ne4 b5 24. Bxd7 Bxd7 25. Nxc5 Ra8 26. Nxd7 Rd8 27. Bxe5 Rxd7
28. Bxg7 Kxg7 29. Rac1 Rad8 30. Rc5 Rb7 31. Rfc1 Rdd7 32. Rc6 Kf7 33. R1c5 a4
34. Kf1 Kf6 35. Ke1 h5 36. h4 b4 37. Kd2 a3 38. b3 Rd4 39. e3 Rdd7 40. d4 Kf7
41. Re5 Re7 42. Kd3 Rbc7 43. Rexe6 1-0

[Event "ch-Commonwealth 2012"]
[Site "Chennai IND"]
[Date "2012.11.28"]
[Round "8"]
[White "Pranavananda, V"]
[Black "Karthikeyan, Murali"]
[Result "0-1"]
[WhiteElo "2018"]
[BlackElo "2329"]
[WhiteFideId "5073588"]
[BlackFideId "5074452"]
[EventDate "2012.11.23"]

1. b3 c5 2. Bb2 Nc6 3. e3 e5 4. Bb5 d6 5. d4 cxd4 6. exd4 exd4 7. Qxd4 Qg5 8.
Qe3+ Qxe3+ 9. fxe3 a6 10. Bxc6+ bxc6 11. Nf3 f6 12. Nc3 Nh6 13. O-O-O Be7 14.
Ba3 Nf7 15. Rhe1 Bd7 16. Ne4 d5 17. Nc5 f5 18. Kb2 Bxc5 19. Bxc5 O-O-O 20. Rd4
Kc7 21. a4 Rde8 22. b4 Be6 23. Rd3 Rhg8 24. Ra1 Rb8 25. Rb3 Nd6 26. Bxd6+ Kxd6
27. Rd1 c5 28. bxc5+ Kxc5 29. Nd4 Bd7 30. Ka3 Rge8 31. Rbd3 Kd6 32. Nb3 Bc6 33.
Nd4 g6 34. Nxc6 Kxc6 35. Rc3+ Kd6 36. Rcd3 Kc7 37. Rc3+ Kd6 38. Rcd3 Kc6 39.
Rc3+ Kd6 40. Rcd3 Re5 41. c4 Kc7 42. cxd5 Kd6 43. R1d2 Rbe8 44. Kb4 Rxe3 45. Ka5
Rxd3 46. Rxd3 Re2 47. Kxa6 Rxg2 48. a5 Rxh2 49. Ra3 Rb2 50. Rh3 Kxd5 51. Rxh7 g5
52. Rh5 Rg2 53. Kb7 Ke4 54. a6 Rb2+ 55. Kc8 Ra2 56. Kb7 g4 57. a7 f4 58. Rh6
Rxa7+ 59. Kxa7 f3 60. Rg6 f2 61. Rxg4+ Ke5 62. Rg5+ Ke6 63. Rg6+ Kf7 64. Rb6
f1=Q 65. Kb7 Ke7 66. Kc6 Qc4+ 67. Kb7 Kd7 68. Ka7 Qd4 69. Kb7 Qd5+ 70. Kb8 Qa5
71. Ra6 Qb5+ 72. Ka7 Kc7 73. Rc6+ Kxc6 0-1

[Event "ch-Commonwealth 2012"]
[Site "Chennai IND"]
[Date "2012.11.28"]
[Round "8"]
[White "Ramalingam, Karthik"]
[Black "Padmini, Rout"]
[Result "0-1"]
[BlackTitle "WGM"]
[WhiteElo "1965"]
[BlackElo "2326"]
[WhiteFideId "5052394"]
[BlackFideId "5029295"]
[EventDate "2012.11.23"]

1. e4 c5 2. Nf3 d6 3. c3 Nf6 4. h3 Nc6 5. Bd3 g6 6. Bc2 Bg7 7. O-O O-O 8. d4
cxd4 9. cxd4 e5 10. dxe5 dxe5 11. Nc3 Be6 12. Be3 Bc4 13. Re1 Qa5 14. Nd2 Be6
15. Bb3 Nd4 16. Bxe6 Nxe6 17. Nb3 Qa6 18. Qf3 Rfe8 19. Red1 b6 20. Rac1 Rac8 21.
a3 Qb7 22. Nd5 Rxc1 23. Nxc1 Nxd5 24. Rxd5 Nd4 25. Bxd4 exd4 26. Ne2 Qe7 27.
Nxd4 Qxe4 28. Qxe4 Rxe4 29. Rd8+ Bf8 30. Kf1 Kg7 31. Nb5 a6 32. Nc3 Rc4 33. Rd3
Be7 34. Ke2 Bf6 35. f3 h5 36. Nd1 Rc1 37. b3 b5 38. Rd6 Rc2+ 39. Rd2 Rc6 40. Nf2
Bg5 41. Rb2 Re6+ 42. Kf1 Bc1 43. Ra2 Re3 44. Ra1 Bb2 45. Nd1 Rxf3+ 46. gxf3 Bxa1
47. Ke2 Kf6 48. Ke3 Ke5 49. f4+ Kd5 50. Kd3 Bd4 51. a4 b4 52. Ne3+ Bxe3 53. Kxe3
h4 54. Kd3 f6 55. Ke3 g5 56. fxg5 fxg5 0-1